000 00536nam a2200217Ia 4500
003 OSt
005 20221005125232.0
006 a|||||r|||| 00| 0
007 ta
008 221004b |||||||| |||| 00| 0 tam d
024 _a51731
037 _cTextual
040 _aCRL
_cCRL
_btam
041 _2tam
_atam
082 _aU8.465.N, 31L5
100 _aAdaikkalam
_9636364
245 0 _aPalasthina payanam
650 _aGEOGRAPHY
942 _hU8.465.N, 31L5
_cTEXL
_2cc
999 _c1053366
_d1053366